El patrimonio cultural en México : un recurso estratégico para el desarrollo /
Spremljeno u:
| Glavni autor: | |
|---|---|
| Daljnji autori: | |
| Format: | Nepoznato |
| Jezik: | Spanish |
| Izdano: |
México :
Fundación Universitaria de Derecho, Administración y Política,
2005.
|
| Izdanje: | 1. edición |
| Serija: | (Colección fundap política y administración pública)
|
| Teme: | |
| Oznake: |
Dodaj oznaku
Bez oznaka, Budi prvi tko označuje ovaj zapis!
|
MARC
| LEADER | 000000000a22000000004500 | ||
|---|---|---|---|
| 001 | 002193 | ||
| 020 | |a 968543557X | ||
| 041 | 0 | |a spa | |
| 082 | 0 | 4 | |a 353.7 |b L318p |
| 100 | 1 | |a Lara González, Carlos Alberto | |
| 245 | 1 | 3 | |a El patrimonio cultural en México : |b un recurso estratégico para el desarrollo / |c Carlos Alberto Lara González ; Francisco J. López Morales, prólogo. |
| 250 | |a 1. edición | ||
| 260 | 1 | |a México : |b Fundación Universitaria de Derecho, Administración y Política, |c 2005. | |
| 300 | |a 256 páginas | ||
| 490 | 1 | |a (Colección fundap política y administración pública) | |
| 650 | 4 | |a PATRIMONIO CULTURAL | |
| 650 | 4 | |a MEXICO | |
| 650 | 4 | |a ADMINISTRACION CULTURAL | |
| 700 | 1 | |a López Morales, Francisco J., |e prólogo | |
| 999 | |c 8774 |d 8774 | ||
| 942 | |c BK |h 353.7 L318p |2 z | ||



